Statistiques concernant Quizz monstres 5 etoiles de Summoners War

Cliquez ici pour prendre le quiz!

Statistiques générales

  • Ce quiz a été pris 365 fois
    (242 depuis la dernière actualisation)
  • Le résultat moyen est 81 sur 120

Statistiques - réponses

ElemMonstreNom% Correct
feuDragonZaiross
98%
darkIfritVeromos
96%
eauValkyrieCamille
95%
eauDragonVerad
95%
feuValkyrieVanessa
94%
ventChevalier DragonLéo
93%
eauEmpereur de la MerPoseidon
93%
feuFille OcculteRica
93%
feuPhénixPerna
92%
eauPhénixSigmarus
92%
ventFille OcculteCharlotte
90%
lightArchangeArtamiel
89%
feuChimèreRakan
89%
ventOracleSeara
89%
eauReine PolaireAlicia
88%
eauArchangeAriel
88%
eauChevalier DragonChow
88%
ventDragonJamire
88%
feuChevalier DragonLaika
88%
eauIfritTheomars
88%
ventPhénixTeshar
87%
ventIfritAkhamamir
86%
eauFille OcculteAnavel
86%
eauReine du DésertBastet
86%
darkChevalier DragonPoupée de Chiffon
86%
ventReine PolaireTiana
86%
ventEmpereur de la MerTriton
86%
ventValkyrieKatarina
85%
eauRoi des FéesPsamathe
85%
eauPionnierWoosa
85%
eauChimèreTaor
84%
eauDame de l'EnferBeth
83%
feuOracleJuno
83%
ventChimèreLagmaron
83%
feuEmpereur de la MerOkeanos
83%
eauOraclePraha
83%
feuIfritTesarion
83%
feuArchangeVelajuel
83%
ventRoi des FéesGanymede
82%
ventReine du DésertHathor
80%
eauGuerrier PandaMo Long
80%
ventPionnierPungbaek
80%
ventMoine BestialRitesh
80%
feuPionnierChiwu
79%
ventArchangeEladriel
79%
lightPaladinJeanne
77%
eauMoine BestialChandra
76%
lightIfritElsharion
76%
feuDame de l'EnferRaki
76%
feuReine du DésertSekhmet
76%
ventDame de l'EnferEthna
75%
lightValkyrieAkroma
74%
feuReine PolaireBrandia
74%
feuRoi des FéesDaphnis
74%
ventLicorneDiana
74%
ventGuerrier PandaFeng Yan
73%
eauRoi SingeShi Hou
73%
darkPionnierWoonsa
73%
feuMoine BestialKumar
71%
lightRoi des FéesOberon
71%
darkOracleGiana
70%
darkDragonGrogen
70%
lightReine du DésertIsis
69%
eauLicorneAmelia
68%
darkDame de l'EnferCraka
68%
darkValkyrieTrinité
67%
darkChimèreZeratu
66%
lightDragonZerath
65%
darkArchangeFermion
64%
lightOracleLaima
64%
feuRoi SingeMei Hou Wang
64%
darkRoi des FéesNyx
64%
lightChevalier DragonJager
63%
lightFille OcculteLora
63%
lightDame de l'EnferAsima
61%
darkFille OcculteNicki
61%
lightChimèreShan
60%
ventRoi SingeXing Zhe
60%
eauPaladinJoséphine
58%
ventEmpereur des foudresOdin
58%
lightPhénixEludia
57%
darkReine du DésertNephthys
56%
lightEmpereur de la MerPontos
56%
ventDruideTaranys
56%
feuLicorneHelena
55%
ventPaladinLouise
55%
feuEmpereur des foudresBaleygr
54%
darkMoine BestialRahul
54%
lightMoine BestialShazam
54%
darkNinjaHan
53%
lightVampireJulianne
52%
darkPhénixJaara
51%
feuDruideBellenus
50%
darkEmpereur de la MerManannan
50%
feuGuerrier PandaXiong Fei
50%
lightGuerrier PandaTian Lang
49%
eauEmpereur des foudresBolverk
48%
feuPaladinOphelia
48%
eauDruideAbellio
46%
lightPionnierNigong
46%
lightDanseur du CielYeonhong
45%
darkLicorneAlexandra
43%
darkVampireCadiz
43%
darkReine PolaireLydia
43%
darkPaladinLéona
42%
lightRoi SingeQitian Dasheng
40%
darkRoi SingeSon Zhang Lao
40%
darkDanseur du CielWolyung
40%
lightReine PolaireElenoa
39%
darkJoueuse de HarpeVivachel
39%
lightJoueuse de HarpeCelia
38%
darkAnubisThebae
38%
darkAgent NéostoneSylvia
36%
lightLicorneEleanor
35%
darkEmpereur des foudresHerteit
29%
darkDruidePater
29%
lightDruideValantis
29%
darkGuerrier PandaMi Ying
26%
lightHorusWedjat
24%
lightEmpereur des foudresGeldnir
22%

Distribution des résultats

Percentile par nombre de réponses

% des personnes avec chaque résultat

Votre développement - résultats

Vous n’avez pas pris ce quiz depuis la dernière actualisation